Les 20 mangas les plus vendus - Statistiques

Statistiques générales
  • Ce quiz a été pris 237 fois
  • Le résultat moyen est 6 sur 20
Statistiques - réponses
Hint Réponse % Correct
1 One Piece
99%
5 Naruto
97%
2 Dragon Ball
85%
11 Bleach
69%
9 Démon Slayer
61%
4 Détective Conan
38%
13 L'attaque des titans
38%
8 Pokemon
27%
6 Slam Dunk
18%
12 Jojo's Bizarre Adventure
14%
20 Kingdom
13%
19 Hajime no ippo
11%
3 Golgo 13
7%
16 Ken le survivant
6%
14 Astro Boy
5%
15 Doraemon
5%
7 Kochikame
2%
18 Les enquêtes de Kindaichi
1%
10 Oishinbo
1%
17 Touch
1%
Aucun quiz correspondant
Distribution des résultats
% des personnes avec chaque résultat
Percentile par nombre de réponses
Votre historique - résultats
Vous n’avez pas pris ce quiz